000 00665nam a22002172 4500
001 0000012650
005 20151217152111.0
008 090302s xx 000 0 eng d
020 _a061905865x :
040 _aKABU
_cKABU
100 1 _aBlanc, Iris.
_@0000117370
245 1 0 _aPerforming with Microsoft Office, projects for the entrepreneur /
_cIris Blanc, Cathy Vento.
250 _a1st ed.
260 _aBoston :
_bThomson,
_c2003.
300 _axxiv, 528 p.
650 0 _aMicrosoft Office.
_@0000148318
700 1 _aVento, Cathy.
_@0000117369
852 1 _9p500 KES
908 _a090302
950 _@1
999 _c8262
_d8262